Essays in Tai linguistics /
| Corporate Authors: | , , |
|---|---|
| Other Authors: | , |
| Format: | Book |
| Language: | English Tai (Other) Thai |
| Language Notes: | English, Tai and Thai. |
| Published: |
Bangkok :
Chulalongkorn University Press,
2001.
|
| Subjects: |
MARC
| Tag | First Indicator | Second Indicator | Subfields |
|---|---|---|---|
| LEADER | 00000cam a2200000 a 4500 | ||
| 001 | in00002068024 | ||
| 005 | 20151102052454.0 | ||
| 008 | 021125s2001 th ab b 000 0 eng c | ||
| 020 | |a 9743472223 (pbk.) | ||
| 035 | |a (OCoLC)ocm51064773 | ||
| 040 | |a GZM |c GZM |d TXA |d UtOrBLW | ||
| 041 | 0 | |a eng |a tai |a tha | |
| 042 | |a pcc | ||
| 049 | |a TXAM | ||
| 050 | 4 | |a PL4114 |b .E87 2001 | |
| 082 | 0 | 4 | |a 495.9/11 |2 21 |
| 245 | 0 | 0 | |a Essays in Tai linguistics / |c edited by M.R. Kalaya Tingsabadh, Chulalongkorn University, and Arthur S. Abramson, The University of Connecticut and Haskins Laboratories. |
| 264 | 1 | |a Bangkok : |b Chulalongkorn University Press, |c 2001. | |
| 300 | |a x, 285 pages : |b illustrations, maps ; |c 26 cm. | ||
| 336 | |a text |b txt |2 rdacontent | ||
| 337 | |a unmediated |b n |2 rdamedia | ||
| 338 | |a volume |b nc |2 rdacarrier | ||
| 546 | |a English, Tai and Thai. | ||
| 504 | |a Includes bibliographical references. | ||
| 650 | 0 | |a Tai languages. | |
| 650 | 0 | |a Thai language. | |
| 650 | 0 | |a Linguistics. | |
| 700 | 0 | |a Kanlayā Tingsaphat, |c M.R. | |
| 700 | 1 | |a Abramson, Arthur S. | |
| 710 | 2 | |a Čhulālongkō̜nmahāwitthayālai. | |
| 710 | 2 | |a University of Connecticut. | |
| 710 | 2 | |a Haskins Laboratories. | |
| 994 | |a C0 |b TXA | ||
| 948 | |a cataloged |b h |c 2005/8/31 |d c |e jlanham |f 1:03:06 pm | ||
| 999 | |a MARS | ||
| 999 | f | f | |s 4b320d8a-0740-3aa6-9419-bf6bbfaaa633 |i 5967e5fa-be29-3a5f-824a-85436a4a8044 |t 0 |
| 952 | f | f | |p ric |a Texas A&M University |b Rellis Campus |c Joint Library Facility |d Remote Storage |t 0 |e PL4114 .E87 2001 |h Library of Congress classification |i unmediated -- volume |m A14832901548 |
| 998 | f | f | |a PL4114 .E87 2001 |t 0 |l Remote Storage |